书目信息 |
| 题名: |
诸子百家论人才
|
|
| 作者: | 朱耀廷 著 | |
| 分册: | ||
| 出版信息: | 北京 北京大学出版社 1988.12 |
|
| 页数: | 217页 | |
| 开本: | 19cm | |
| 丛书名: | ||
| 单 册: | ||
| 中图分类: | C96 | |
| 科图分类: | ||
| 主题词: | 人才学 | |
| 电子资源: | ||
| ISBN: | 7-301-00450-8 | |
| 000 | 00527nam0 2200193 45 | |
| 001 | 0404301056 | |
| 005 | 20050606095236.5 | |
| 010 | @a7-301-00450-8@dCNY3.40 | |
| 100 | @a20040430d1988 km y0chiy0120 ea | |
| 101 | 0 | @achi |
| 105 | @a z 000yy | |
| 200 | 1 | @a诸子百家论人才@AZhu Zi Bai Jia Lun Ren Cai@f朱耀廷著@FZhu Yao Ting Zhu |
| 210 | @a北京@c北京大学出版社@d1988.12 | |
| 215 | @a217页@d19cm | |
| 606 | 0 | @a人才学 |
| 690 | @aC96@v3 | |
| 701 | 0 | @a朱耀廷@4著 |
| 801 | @aCN@bPftUser@c20040430 | |
| 905 | @dC96@e14@f1@b220777 | |
| 诸子百家论人才/朱耀廷著.-北京:北京大学出版社,1988.12 |
| 217页;19cm |
| ISBN 7-301-00450-8:CNY3.40 |
| ● |
| 相关链接 |
|
|
|
|
正题名:诸子百家论人才
索取号:C96/14
 
预约/预借
| 序号 | 登录号 | 条形码 | 馆藏地/架位号 | 状态 | 备注 |
| 1 | 0220776 | 001023092 | 密集书库/ [索取号:C96/14] | 在馆 | |
| 2 | 0220777 | 002051120 | 第一样本阅览室/ [索取号:C96/14] | 在馆 | |
| 3 | 0246141 | 000958146 | 密集书库/ [索取号:C96/14] | 在馆 | |
| 4 | 0246142 | 000958164 | 密集书库/ [索取号:C96/14] | 在馆 | |
| 5 | 0246143 | 001023118 | 密集书库/ [索取号:C96/14] | 在馆 | |
| 6 | 0246144 | 001023109 | 密集书库/ [索取号:C96/14] | 在馆 | |
| 7 | 0246145 | 000958155 | 密集书库/ [索取号:C96/14] | 在馆 |